Mensajero : lectoescritura inicial /

Guardado en:
Autor Principal: Skilton, Graciela
Formato: Libro
Publicado: Buenos Aires : Kapelusz
Materias:
Etiquetas: Agregar Etiqueta
Sin Etiquetas, Sea el primero en etiquetar este registro!
LEADER 00641nam a22002175a 4500
001 CEM.cems012569
005 20070823190316.0
008 130507b######################000#0#####d
003 CEMS
020 |a 9501300900 
082 0 4 |a SG372.41 
100 1 |a Skilton, Graciela 
245 1 0 |a Mensajero :  |b lectoescritura inicial /  |c Graciela Skilton 
260 |a Buenos Aires :  |b Kapelusz 
300 |a 185 p. 
653 |a Educación 
653 |a Educación primaria 
653 |a Lengua-1º egb 
653 |a Lectoescritura inicial 
653 |a Biblioteca maría de los angeles saggio 
859 |a CEMS  |b BIB. CEMS - 11 de abril  |h SG372.41  |i Sk33  |p 23817.07  |t Ej.1